Εξελικτική Ψυχολογία / Η Ψυχική ζωή από τη σύλληψη ως την ενηλικίωση (Record no. 133)
[ view plain ]
| 000 -LEADER | |
|---|---|
| fixed length control field | 01878cam a22001814a 4500 |
| 005 - ΗΜΕΡΟΜΗΝΙΑ ΚΑΙ ΩΡΑ ΤΕΛΕΥΤΑΙΑΣ ΕΝΗΜΕΡΩΣΗΣ | |
| Πεδίο ελέγχου | 20250605163925.0 |
| 008 - FIXED-LENGTH DATA ELEMENTS--GENERAL INFORMATION | |
| Πεδίο ελέγχου σταθερού μήκους | 250528s ||||||||||||||||||||||||d |
| 035 ## - SYSTEM CONTROL NUMBER | |
| System control number | 14504 |
| 040 ## - ΠΗΓΗ ΚΑΤΑΛΟΓΟΓΡΑΦΗΣΗΣ | |
| Φορέας πρωτότυπης καταλογογράφησης | MC Athens Campus Library |
| Γλώσσα καταλογογράφησης | Ελληνικά, Μοντέρνα (1453-) |
| Modifying agency | MC Athens Campus Library |
| Κανόνες περιγραφικής καταλογογράφησης | AACR2 |
| 245 1# - ΤΙΤΛΟΣ ΚΑΙ ΔΗΛΩΣΗ ΥΠΕΥΘΥΝΟΤΗΤΑΣ | |
| Τίτλος | Εξελικτική Ψυχολογία / Η Ψυχική ζωή από τη σύλληψη ως την ενηλικίωση |
| 260 ## - PUBLICATION, DISTRIBUTION, ETC. | |
| Name of publisher, distributor, etc. | Αθήνα, |
| Date of publication, distribution, etc. | 1985 |
| 300 ## - PHYSICAL DESCRIPTION | |
| Extent | 220 |
| 520 ## - SUMMARY, ETC. | |
| Summary, etc. | Τόμος 1 - Γενικές Έννοιες και Ορισμοί της Εξελικτικής Ψυχολογίας - Προγεννητική περίοδος - Βρεφική ηλικία. Το έργο περιγράφει και ερμηνεύει τις αλλαγές που συμβαίνουν στην ψυχική ζωή του νέου ατόμου, από τη σύλληψη ως το 20ο Έτος. Πρόλογος, Περιεχόμενα, Εισαγωγή, Εισαγωγικές Έννοιες και Ορισμοί στην Εξελικτική Ψυχολογία, Σύγχρονες Θεωρητικές κατευθύνσεις στην Εξελικτική Ψυχολογία, Προγεννητική Περίοδος: Σύλληψη - Κύηση - Τοκετός, Προγεννητική Περίοδος: Εισαγωγικά Σχόλια, Σύλληψη: Η αρχή της ζωής, Ενδομήτρια και Περιγεννητική περίοδος, Βρεφική Ηλικία, Βρεφική Ηλικία: Εισαγωγικά Σχόλια, Βιοσωματική Ανάπτυξη Κατά τη Βρεφική Ηλικία, Γνωστική Ανάπτυξη Κατά τη Βρεφική Ηλικία, Ψυχοκοινωνική Ανάπτυξη Κατά τη Βρεφική Ηλικία. |
| 700 1# - ΠΡΟΣΘΕΤΗ ΑΝΑΓΡΑΦΗ--ΦΥΣΙΚΟ ΠΡΟΣΩΠΟ | |
| Personal name | Παρασκευόπουλος Ιωάννης Μ |
| 9 (RLIN) | 202 |
| 942 ## - ADDED ENTRY ELEMENTS (KOHA) | |
| Koha item type | Books |
| Τύπος τεκμηρίου | Βιβλιοθήκη | Τρέχουσα τοποθεσία | Barcode | Αριθμός εισαγωγής | Ημερομηνία απόκτησης | Ταξιθετικό σύμβολο | Αριθμός αντιτύπου | Κατάσταση απόσυρσης | Κατάσταση χαμένου | Κατάσταση κατεστραμμένου | Μη δανεισμός | Σύνολο δανεισμών | Ημερομηνία τελευταίας εμφάνισης | Η τιμή ισχύει από |
|---|---|---|---|---|---|---|---|---|---|---|---|---|---|---|
| Books | MC Athens Campus Library | MC Athens Campus Library | 9780000001320 | 1365 | 05/06/2025 | 155.7 PAR V.1 | 3 | 05/06/2025 | 05/06/2025 |